000 00453nam a2200169 a 4500
001 000008594
005 20200929161353.0
008 090917s1956 dr ac 000 0 spa d
040 _aDO-SdBNP
082 _axxx
_bP625q
100 1 _aPieter, H.
_923017
245 1 3 _aLa querella shakesperiana.
260 _aCiudad Trujillo :
_bEditora del Caribe,
_c1956.
300 _a113 p. :
_bil., retr. ;
_c23 cm.
500 _aIncluye notas p. 113
049 _aBNPD
999 _c8364
_d8364